Catálogo
 En Linea

Historias de vida, muerte y lejanas / (Registro nro. 12518)

Detalles MARC
000 -CABECERA
campo de control de longitud fija 00719nam a2200217 a 4500
001 - NÚMERO DE CONTROL
campo de control 000012870
005 - FECHA Y HORA DE LA ÚLTIMA TRANSACCIÓN
campo de control 20240412074235.0
008 - DATOS DE LONGITUD FIJA--INFORMACIÓN GENERAL
campo de control de longitud fija 091118s2001 dr a 000 j spa d
020 ## - NÚMERO INTERNACIONAL ESTÁNDAR DEL LIBRO
ISBN cancelado o inválido 999342354
040 ## - FUENTE DE LA CATALOGACIÓN
Centro catalogador/agencia de origen DO-SdBNP
Lengua de catalogación spa
Centro/agencia transcriptor BNPHU
082 ## - NÚMERO DE LA CLASIFICACIÓN DECIMAL DEWEY
Número de clasificación RD863.44
Número de documento/Ítem P349h
100 1# - ENTRADA PRINCIPAL--NOMBRE DE PERSONA
Nombre de persona Peña Nina, Domingo,
Fechas asociadas al nombre 1948-
9 (RLIN) 29740
245 10 - MENCIÓN DE TÍTULO
Título Historias de vida, muerte y lejanas /
Mención de responsabilidad, etc. Domingo Peña Nina.
260 ## - PUBLICACIÓN, DISTRIBUCIÓN, ETC.
Lugar de publicación, distribución, etc. Santo Domingo :
Nombre del editor, distribuidor, etc. Peña Nina,
Fecha de publicación, distribución, etc. 2001.
300 ## - DESCRIPCIÓN FÍSICA
Extensión 211 p. :
Otras características físicas il. ;
Dimensiones 21 cm.
500 ## - NOTA GENERAL
Nota general Incluye datos biográficos del autor en la contracubierta.
590 ## - NOTA LOCAL (RLIN)
Nota local Inventariado, 2020/MAA
650 #0 - PUNTO DE ACCESO ADICIONAL DE MATERIA--TÉRMINO DE MATERIA
Término de materia o nombre geográfico como elemento de entrada Cuentos dominicanos
9 (RLIN) 176
650 #0 - PUNTO DE ACCESO ADICIONAL DE MATERIA--TÉRMINO DE MATERIA
Término de materia o nombre geográfico como elemento de entrada Literatura dominicana.
9 (RLIN) 67
910 ## - DATOS DE OPCIÓN DEL USUARIO (OCLC)
Datos de opción del usuario Validado. Control de calidad MFF
Existencias
Estado de retiro Estado de pérdida Fuente del sistema de clasificación o colocación No para préstamo Código de colección Localización permanente Ubicación/localización actual Fecha de adquisición Número de inventario Total de préstamos Signatura topográfica completa Código de barras Fecha visto por última vez Número de copia Precio válido a partir de Tipo de ítem Koha Restricciones de uso Ubicación en estantería
    Dewey Decimal Classification   Dominicana de Servicio General General 18.11.2009 LF1   RD863.44 P349h 12870-3 25.06.2020 e.3 25.06.2020 Libro y Folleto Colección Dominicana de Servicio    
        Dominicana de Servicio General General 18.11.2009 LF1   RD863.44 P349h 12870-40 25.06.2020 e.4 25.06.2020 Libro y Folleto Colección Dominicana de Servicio   Depósito
        Dominicana de Servicio General General 11.04.2013 LF1   RD863.44 P349h 12870-50 25.06.2020 e.5 25.06.2020 Libro y Folleto Colección Dominicana de Servicio   Depósito
      Excluido de préstamo Patrimonio Dominicano Patrimonio Dominicano Patrimonio Dominicano 18.11.2009 LF1   RD863.44 P349h 12870-10 25.06.2020   25.06.2020 Libro y Folleto Colección Patrimonio Dominicano   Depósito
      Excluido de préstamo Patrimonio Dominicano Patrimonio Dominicano Patrimonio Dominicano 18.11.2009 LF1   RD863.44 P349h 12870-20 25.06.2020 e.2 25.06.2020 Libro y Folleto Colección Patrimonio Dominicano   Depósito

Con tecnología Koha